| 000 | 01067nam a2200265Ia 4500 | ||
|---|---|---|---|
| 003 | OSt | ||
| 005 | 20220918110726.0 | ||
| 006 | a|||||r|||| 00| 0 | ||
| 007 | ta | ||
| 008 | 220915b |||||||| |||| 00| 0 san d | ||
| 020 | _cINR 930.00 | ||
| 024 | _a87,006 | ||
| 037 |
_b327, 13/03/2019, Eastern Book Linkers _cReference Collections |
||
| 040 |
_aARTS _cARTS _bsan |
||
| 041 |
_2san _asan |
||
| 082 | _aQ1k, 152Q8(RR) | ||
| 100 |
_aभार्गव, दयानन्द, ले. _99191 |
||
| 245 | 0 |
_aवेद विज्ञान _b विश्वकोश |
|
| 260 |
_aजोधपुर _bपण्डित मधुसूदन ओझा शोध प्रकोष्ठ भारत _c2018 |
||
| 300 | _a501पृ0 | ||
| 490 | _aपण्डित - मधुसूदन - ओझा - ग्रन्थमाला; 21 | ||
| 650 |
_aवेद _99192 |
||
| 942 |
_hQ1k, 152Q8(RR) _cREF |
||
| 999 |
_c114251 _d114251 |
||